El inconsciente cognitivo: la cara oculta de la mente
Bewaard in:
| Hoofdauteur: | |
|---|---|
| Formaat: | Boek |
| Taal: | Spaans |
| Gepubliceerd in: |
Madrid
Biblioteca Nueva
1997
|
| Editie: | 1a. ed |
| Reeks: | Colección Psicología Universidad
|
| Onderwerpen: | |
| Tags: |
Voeg label toe
Geen labels, Wees de eerste die dit record labelt!
|
MARC
| LEADER | 00000cam a2200000 a 4500 | ||
|---|---|---|---|
| 001 | UCN2795 | ||
| 003 | CL-VaPUC | ||
| 008 | 010608e19970000SP |||||||||||||||||spa|d | ||
| 020 | |a 8470304453 | ||
| 082 | 0 | 4 | |a 127 |b FRO |2 21 |
| 100 | 0 | |a Froufe, Manuel |e author |9 458954 | |
| 245 | 1 | 3 | |a El inconsciente cognitivo: la cara oculta de la mente |
| 250 | |a 1a. ed | ||
| 300 | |a 398 p | ||
| 942 | |c BK | ||
| 945 | |d 20010608 00:00:00 |a vberengu | ||
| 260 | |a Madrid |b Biblioteca Nueva |c 1997 | ||
| 650 | 0 | |a Conciencia |9 309452 | |
| 650 | 0 | |a Psicología profunda |9 334257 | |
| 650 | 0 | |a Aprendizaje |9 254827 | |
| 650 | 0 | |a Procesos mentales superiores |9 330839 | |
| 650 | 0 | |a Percepción |9 266750 | |
| 583 | |a last modification |c 20130404 12:48:00 |k Rodrigo Vera | ||
| 490 | 0 | |a Colección Psicología Universidad | |
| 999 | |c 295828 |d 295826 | ||
| 952 | |0 0 |1 0 |4 0 |6 127_000000000000000_FRO_1997 |7 0 |8 A |9 349196 |a FDOPOS |b FDOPOS |d 2019-11-20 |i 3690245 |o 127 FRO 1997 |p 3690245 |r 2025-01-22 |w 2019-11-20 |y BK |k MLA | ||
| 952 | |0 0 |1 0 |4 0 |6 127_000000000000000_FRO_1997 |7 0 |8 A |9 349197 |a BIBEDU |b BIBEDU |d 2019-11-20 |i 4961455 |o 127 FRO 1997 |p 4961455 |r 2019-11-20 |w 2019-11-20 |y BK |k PSI | ||